Najdrozsi pilkarze 2025 - Statystyki

Ogólne statystyki
  • Ten quiz został rozwiązany 57 razy
  • Średni wynik to 48 z 114
Statystyki odpowiedzi
Hint Odpowiedź % Poprawnych
180 Haaland
95%
180 Bellingham
93%
180 Mbappe
93%
200 Yamal
93%
170 Vini
90%
140 Pedri
88%
60 Gavi
83%
50 Salah
83%
90 Dembele
80%
75 Kane
80%
110 Rodri
80%
150 Saka
80%
90 Rodrygo
78%
100 Foden
75%
120 Palmer
73%
140 Wirtz
73%
95 Martinez
70%
140 Musiala
70%
130 Valverde
70%
90 Raphinha
65%
65 Dias
63%
60 Camavinga
60%
85 Odegaard
60%
60 Balde
58%
80 Cubarsi
58%
90 Doue
58%
75 Gvardiol
58%
120 Rice
58%
50 Fernandes
55%
75 Gyokeres
55%
100 Alvarez
53%
80 Bastoni
53%
120 Isak
53%
90 Kvara
53%
100 Olise
53%
80 Saliba
53%
75 Tchouameni
53%
80 Vitinha
53%
70 Barcola
50%
70 Diaz
50%
80 Hakimi
50%
65 Kounde
50%
75 Leao
50%
80 Szoboszlai
50%
70 Williams
50%
50 Frimpong
48%
80 Barella
45%
75 Fernandez
45%
70 Gakpo
45%
70 Mendes
45%
75 Thuram
45%
90 Caicedo
43%
50 Doku
43%
60 Huijsen
43%
100 Mac alister
43%
80 Neves
43%
60 Olmo
43%
75 Gabriel
40%
65 Havertz
40%
60 Konate
40%
50 Upamecano
40%
60 Dimarco
38%
55 Martinelli
38%
65 Pacho
38%
50 Rashford
38%
50 Ederson
35%
75 Ekitike
35%
75 Gravenberch
35%
50 Jackson
35%
55 Mbeumo
35%
75 Arnold
33%
60 Zubimendi
33%
50 Davies
30%
55 Eze
30%
75 Marmoush
30%
70 Osimhen
30%
70 Sesko
30%
70 Simons
30%
55 Yoro
30%
50 Onana
28%
60 Cunha
25%
60 Estevao
25%
80 Guimaraes
25%
50 Lopez
25%
50 Reijnders
25%
50 Mainoo
23%
50 Savinho
23%
55 Barrios
20%
50 Neto
20%
55 Timber
20%
50 Hincapie
18%
55 Nwaneri
18%
50 Pedro
18%
50 Romero
18%
50 Bremer
15%
50 Gibbs white
15%
50 Gittens
15%
65 Gordon
15%
50 Kulusevski
15%
55 Murillo
15%
55 Pavlovic
15%
50 Pulisic
15%
60 Tonali
15%
55 Zaire emery
15%
55 Baena
13%
60 Lookman
13%
50 Openda
13%
55 Rogers
13%
60 Sancet
13%
50 Van de ven
13%
50 Hjulmand
10%
55 Colwill
8%
50 Branthwaite
5%
50 Samu
5%
Nie znaleziono quizów pasujących do podanych kryteriów
Rozkład punktacji
Procent ludzi z każdym wynikiem
Percentyl według liczby udzielonych odpowiedzi
Twoja historia wyników
Nie rozwiązałeś tego quizu